000
00163nam a2200073Ia 4500
008
170523s9999 xx 000 0 und d
100
_a
Kumar- Ashok
245
0
_a
Control Systems
260
_a
T.M.H.
999
_c
12070
_d
12070